[Event "Carlos Torre Memorial op 16th"]
[Site "Merida"]
[Date "2003.12.13"]
[Round "2"]
[White "Castillo Delgado, Miguel Angel"]
[Black "Garmendez Gonzalez, Florentino"]
[Result "0-1"]
[WhiteElo "1952"]
[BlackElo "2391"]
[PlyCount "97"]
[EventDate "2003.12.12"]
[EventType "swiss"]
[EventRounds "9"]
[EventCountry "MEX"]
[SourceTitle "CBM 097 Extra"]
[Source "ChessBase"]
[SourceDate "2004.01.13"]
[SourceVersion "1"]
[SourceVersionDate "2004.01.13"]
[SourceQuality "1"]

1. d4 Nf6 2. c4 g6 3. Nc3 Bg7 4. e4 d6 5. Be2 0-0 6. Nf3 e5 7. 0-0 Nc6 8. d5 Ne7 9. b4 Nh5 10. Re1 f5 11. Ng5 Nf6 12. f3 Kh8 13. a4 Neg8 14. c5 h6 15. Ne6 Bxe6 16. dxe6 fxe4 17. fxe4 Qe7 18. cxd6 cxd6 19. Nd5 Nxd5 20. exd5 e4 21. Rb1 Be5 22. Bb2 Bxb2 23. Rxb2 Qf6 24. Rc2 Rac8 25. Rf1 Qe5 26. Rxc8 Rxc8 27. Rf7 Qb2 28. Rf1 Rc2 29. Re1 Rd2 30. Qc1 Rxe2 31. Qxb2+ Rxb2 32. Rxe4 Ne7 33. Rf4 Kg8 34. Rf7 Nxd5 35. Rxb7 Rxb4 36. Rxa7 Re4 37. a5 Rxe6 38. a6 Re1+ 39. Kf2 Ra1 40. Ra8+ Kf7 41. a7 Ne7 42. Rd8 Rxa7 43. Rxd6 Ra2+ 44. Kf3 Nf5 45. Rd3 Nh4+ 46. Kg3 g5 47. Kg4 Rxg2+ 48. Kh5 Rxh2 49. Kxh6 0-1